Notice sur les manuscrits autographes de Champollion le Jeune (Record no. 48143)

MARC details
000 -LEADER
campo de control de longitud fija 00718nam a22001935i 4500
001 - NÚMERO DE CONTROL
campo de control 48143
003 - IDENTIFICADOR DE NÚMERO DE CONTROL
campo de control ES-MaACL
005 - FECHA Y HORA DE LA ÚLTIMA TRANSACCIÓN
campo de control 20250927112230.0
007 - CAMPO FIJO DE DESCRIPCIÓN FÍSICA--INFORMACIÓN GENERAL
campo de control de longitud fija t|
008 - DATOS DE LONGITUD FIJA--INFORMACIÓN GENERAL
campo de control de longitud fija 950706s1842 fr ||||1| fre d
040 ## - FUENTE DE CATALOGACIÓN
Centro catalogador/agencia de origen CAM
Lengua de catalogación spa
Centro/agencia transcriptor CAM
100 1# - ENTRADA PRINCIPAL--NOMBRE DE PERSONA
Nombre de persona Champollion-Figeac, Jacques-Joseph,
Fechas asociadas al nombre 1778-1867
9 (RLIN) 37932
245 10 - MENCIÓN DEL TÍTULO
Título Notice sur les manuscrits autographes de Champollion le Jeune
Resto del título : perdus en l'année 1832 et retrouvés en 1840 /
Mención de responsabilidad, etc. par M. Champollion Figeac.
260 ## - PUBLICACIÓN, DISTRIBUCIÓN, ETC.
Lugar de publicación, distribución, etc. Paris :
Nombre del editor, distribuidor, etc. [s.n.],
Fecha de publicación, distribución, etc. 1842 (
Fabricante Typographie de Firmin Didot Frères)
300 ## - DESCRIPCIÓN FÍSICA
Extensión 47 p., [1] h. pleg. ;
Dimensiones 24 cm.
600 14 - PUNTO DE ACCESO ADICIONAL DE MATERIA--NOMBRE DE PERSONA
Nombre de persona Champollion, Jean-François,
Fechas asociadas al nombre 1790-1832
9 (RLIN) 37931
852 ## - LOCALIZACIÓN
Ubicación ES-MaACL
Número de control de estantería G-11885
Holdings
Estatus retirado Estado de pérdida Estado de daño No para préstamo Colección Biblioteca de origen Biblioteca actual Ubicación en estantería Fecha de adquisición Fuente de adquisición Total de préstamos Signatura topográfica completa Código de barras Visto por última vez Precio de reemplazo Tipo de ítem Koha
        Libros del s. XIX Biblioteca del Ateneo de Madrid Biblioteca del Ateneo de Madrid Sala Pecera Planta 3 17/01/2008     G-11885 1050669 23/02/2023 23/02/2023 Libro impreso antiguo